| 000 | 00359nam a22001337a 4500 | ||
|---|---|---|---|
| 005 | 20200619114105.0 | ||
| 008 | 200619b xxu||||| |||| 00| 0 eng d | ||
| 082 | _a345.4 LIC | ||
| 245 | _aLABOUR AND INDUSTRIAL CASES [1986] LAB. I. C. [PART-1] | ||
| 260 |
_aMUMBAI _bALL INDIA REPORTER, PVT. LTD. |
||
| 300 | _a1024;p | ||
| 650 |
_aLAW _95701 |
||
| 942 | _cJRL | ||
| 999 |
_c7292 _d7290 |
||